000 00259nam a2200109Ia 4500
008 190216s9999||||xx |||||||||||||| ||und||
100 _aDas Gupta N
245 0 _aHindi- Manch Alokan
260 _bNational Book Trust India
_c2002
300 _a155
942 _cBK
999 _c16953
_d16953